| 000 | 00499nam a22001697a 4500 | ||
|---|---|---|---|
| 999 |
_c8358 _d8358 |
||
| 008 | 201117b ||||| |||| 00| 0 eng d | ||
| 040 | _aBMS College of Architecture | ||
| 100 | _aManish, P V | ||
| 245 | _aCollege of gaming and animation | ||
| 300 | _a42p. | ||
| 500 | _a1BM15AT063 | ||
| 502 |
_8B,Arch _NBMS College of Architecture, Visvesvaraya Technological _aProject report _d2019 |
||
| 650 | _aAnimation | ||
| 700 |
_aAnirban Pal _eGuide |
||
| 700 |
_aSachin Shetty _eGuide |
||
| 942 |
_2ddc _cTHE |
||